000 00335nam a2200133Ia 4500
008 240624s9999 xx 000 0 und d
041 _aeng
082 _a823 MIL
100 _aMILTON JOHN
245 _aPARADISE LOST BOOK 1
260 _c2006
_aNew Delhi
_bPearson Longman
300 _axxxiii, : 111 : p. : cm. ; 23
365 _cRS
_b30
999 _c19100
_d19100